000 00617nam a22002057a 4500
003 OSt
005 20160602181900.0
008 160602b xxu||||| |||| 00| 0 eng d
020 _a971-27-1482-9
040 _cLIC
082 _22004
_aDFil 808.810851
_bF26
245 _aFather poems.
_cedited by Gemino H. Abad and Alfred A. Yuson.
260 _aPasig City:
_bAnvil Publishing, Inc.,
_cc2004.
300 _a139 pages;
_c20 cm.
365 _b385.00
_cPhp
650 0 _99858
_aFathers
_vPoetry
_xCollections
700 _99859
_aYuson, Alfred A.
_eeditor.
700 _99860
_aAbad, Gemino H.
_eeditor.
942 _2ddc
_cDFIL
999 _c2958
_d2958